| 000 | 00684nam a22002177a 4500 | ||
|---|---|---|---|
| 003 | LK-CoDNM | ||
| 005 | 20241101131419.0 | ||
| 008 | 241015b |||||||| |||| 00| 0 eng d | ||
| 040 |
_aLK-CoDNM _dLK-CoDNM _eLK-CoDNM |
||
| 041 | _asin | ||
| 080 |
_aප්ර.ජ _b3 |
||
| 245 |
_aජනහිත සගරා-1930 _b1 කාණ්ඩය 1 කලාපය |
||
| 260 |
_aකොළඹ _bඈපා මුද්රණාලය _c1930 |
||
| 300 | _b8p. ; 24 cm | ||
| 650 | _aජනහිත සගරා-1930 | ||
| 650 | _a1 කාණ්ඩය 1 කලාපය | ||
| 650 | _aමාසික සගරාව | ||
| 650 | _aප්ර.ජ 3 | ||
| 650 | _a1930 | ||
| 942 | _cBK | ||
| 999 |
_c225624 _d225624 |
||